<?xml version="1.0" encoding="UTF-8"?>
<collection xmlns="http://www.loc.gov/MARC21/slim">
 <record>
  <leader>01603nam a22002417a 4500</leader>
  <controlfield tag="001">NCT_4_019227</controlfield>
  <controlfield tag="008">250513b        xxu||||| |||| 00| 0 vie d</controlfield>
  <datafield tag="999" ind1=" " ind2=" ">
   <subfield code="c">8934</subfield>
   <subfield code="d">8934</subfield>
  </datafield>
  <datafield tag="020" ind1=" " ind2=" ">
   <subfield code="a">9786043113785</subfield>
   <subfield code="c">149000</subfield>
  </datafield>
  <datafield tag="082" ind1="0" ind2="4">
   <subfield code="2">23rd ed.</subfield>
   <subfield code="a">658.403</subfield>
   <subfield code="b">S555</subfield>
  </datafield>
  <datafield tag="100" ind1="1" ind2=" ">
   <subfield code="a">Shimada, Tsuyoshi</subfield>
  </datafield>
  <datafield tag="245" ind1="1" ind2="0">
   <subfield code="a">MBA - 100 kỹ thuật xử lý tình huống trong kinh doanh của người Nhật</subfield>
   <subfield code="c">Shimada Tsuyoshi, Globis ; Phạm Thị Nhung (Dịch)</subfield>
  </datafield>
  <datafield tag="260" ind1=" " ind2=" ">
   <subfield code="a">H.</subfield>
   <subfield code="b">Công thương</subfield>
   <subfield code="c">2021</subfield>
  </datafield>
  <datafield tag="300" ind1=" " ind2=" ">
   <subfield code="a">351 tr. </subfield>
   <subfield code="b">Minh họa </subfield>
   <subfield code="c">20 cm</subfield>
  </datafield>
  <datafield tag="500" ind1=" " ind2=" ">
   <subfield code="a">Tên sách tiếng Nhật: MBA mondai kaiketsu 100 no kihon </subfield>
  </datafield>
  <datafield tag="520" ind1="3" ind2=" ">
   <subfield code="a">Cuốn sách này được viết nhằm mục đích giới thiệu các phương pháp để giải quyết các vấn đề trong chuỗi hoạt động kinh doanh như: Kĩ thuật cơ bản để giải quyết vấn đề; kĩ thuật khám phá; kĩ thuật hành động; kĩ thuật thay đổi quan điểm; kĩ thuật học hỏi từ thất bại; kĩ thuật thiết lập vấn đề...</subfield>
  </datafield>
  <datafield tag="653" ind1=" " ind2=" ">
   <subfield code="a">Quản trị kinh doanh</subfield>
  </datafield>
  <datafield tag="700" ind1="1" ind2=" ">
   <subfield code="a">Phạm Thị Nhung </subfield>
   <subfield code="e">Dịch</subfield>
  </datafield>
  <datafield tag="710" ind1="2" ind2=" ">
   <subfield code="a">Globis</subfield>
  </datafield>
  <datafield tag="942" ind1=" " ind2=" ">
   <subfield code="2">ddc</subfield>
   <subfield code="c">BK</subfield>
  </datafield>
  <datafield tag="952" ind1=" " ind2=" ">
   <subfield code="0">0</subfield>
   <subfield code="1">0</subfield>
   <subfield code="2">ddc</subfield>
   <subfield code="4">0</subfield>
   <subfield code="6">658_403000000000000_S555</subfield>
   <subfield code="7">0</subfield>
   <subfield code="9">30649</subfield>
   <subfield code="a">000001</subfield>
   <subfield code="b">000001</subfield>
   <subfield code="d">2025-05-13</subfield>
   <subfield code="o">658.403 S555</subfield>
   <subfield code="p">MD.23911</subfield>
   <subfield code="r">2025-05-13</subfield>
   <subfield code="v">149000.00</subfield>
   <subfield code="w">2025-05-13</subfield>
   <subfield code="y">BK</subfield>
  </datafield>
  <datafield tag="952" ind1=" " ind2=" ">
   <subfield code="0">0</subfield>
   <subfield code="1">0</subfield>
   <subfield code="2">ddc</subfield>
   <subfield code="4">0</subfield>
   <subfield code="6">658_403000000000000_S555</subfield>
   <subfield code="7">0</subfield>
   <subfield code="9">30650</subfield>
   <subfield code="a">000001</subfield>
   <subfield code="b">000001</subfield>
   <subfield code="d">2025-05-13</subfield>
   <subfield code="o">658.403 S555</subfield>
   <subfield code="p">MD.23912</subfield>
   <subfield code="r">2025-05-13</subfield>
   <subfield code="v">149000.00</subfield>
   <subfield code="w">2025-05-13</subfield>
   <subfield code="y">BK</subfield>
  </datafield>
  <datafield tag="980" ind1=" " ind2=" ">
   <subfield code="a">Thư viện Trường Đại học Nam Cần Thơ</subfield>
  </datafield>
 </record>
</collection>
